Best Chicago Day Trips - Statistics

General Stats
  • This quiz has been taken 34 times
  • The average score is 12 of 18
Answer Stats
Time City % Correct
1h 39min Milwaukee
100%
3h 4min Indianapolis
96%
3h 11min Springfield
92%
4h 18min Detroit
88%
2h 29min Madison
83%
4h 29min St. Louis
79%
1h 31min Rockford
75%
2h 48min Grand Rapids
67%
3h 22min Green Bay
67%
2h 38min Peoria
67%
3h 21min Lansing
63%
4h 53min Cincinnati
58%
4h 46min Louisville
54%
3h 9min Fort Wayne
50%
2h 54min Davenport
46%
3h 49min Toledo
46%
3h 56min Cedar Rapids
29%
4h 48min Dayton
29%
No matching quizzes found
Score Distribution
Percent of People with Each Score
Percentile by Number Answered
Your Score History
You have not taken this quiz